000
00296nam a22001337a 4500
008
180125b xxu||||| |||| 00| 0 eng d
020
_a
9780815153733
041
_a
eng
080
_a
610.73
100
_a
1
101
_a
INF
245
_a
Medical surgical nursing
_c
Lewis,S.M
942
_2
udc
_c
BK
999
_c
40948
_d
40948